|
|
|
|
| LEADER |
00726nab a2200157 i 4500 |
| 001 |
misc4119 |
| 005 |
20191106143120.0 |
| 008 |
170607s1925 hu o 0|| hun d |
| 040 |
|
|
|a SZTE Miscellanea Repozitórium
|b hun
|
| 041 |
|
|
|a hun
|
| 245 |
0 |
0 |
|a Földbirtok haszonbérbeadásából származó bevétel nem esik általános forgalmiadó [!forgalmi adó] alá akkor sem, ha a haszonbérbeadás kőfejtés céljára történt
|h [elektronikus dokumentum]
|
| 260 |
|
|
|c 1925
|
| 300 |
|
|
|a 91-92c
|
| 490 |
0 |
|
|a Polgári jog : a hazai és külföldi magánjog és hiteljog szemléje
|v 1
|
| 695 |
|
|
|a Forgalmi adózás haszonbérlet jogi szabályozás
|
| 856 |
4 |
0 |
|u http://misc.bibl.u-szeged.hu/4119/1/polgari_jog_1925_091-092c.pdf
|z Dokumentum-elérés
|